000 00520nam a2200217Ia 4500
001 11612
003 GE_BSU
008 181216s||||||||xx |||||||||||||| ||und||
020 _a9780061245091
040 _cGE_BSU
080 _a821.111-312
100 _aFrost,Jeaniene.
245 _aOne foot in the grave.
245 2 _bA night Huntress.
260 _aNew york
260 _bAn imprint of harper collins publishers.
260 _c2008.
300 _a374p;17cm.
653 _aOne foot in the grave.
942 _cBK
999 _c44807
_d44807